| 000 | 00483nab a2200145Ia 4500 | ||
|---|---|---|---|
| 003 | ES-SlBCS | ||
| 005 | 20210601150339.0 | ||
| 008 | 140529s1991 xxu||||| |||| 00| 0 spa d | ||
| 041 | _aspa | ||
| 100 | 1 |
_aPérez Morales, Ovidio _9115719 |
|
| 245 | 0 | 0 |
_aLa nueva evangelización: desafíos a la Iglesia en la perspectiva del V centenario _c Ovidio Pérez Morales |
| 650 | 0 | 4 |
_aNueva Evangelización _9129421 |
| 773 | 0 |
_tTeologia Iusi _gnº. 8, 1991, págs. 71-90 _wRev1366 |
|
| 942 | _cAR | ||
| 999 |
_c739413 _d739413 |
||